Bane or Lincoln Quiz Stats

Quiz Updated May 16, 2013

Challenge
Share
Tweet
Embed
Score 0/20 Timer 03:00
0 Plays Today
Quote Bane (B) or Lincoln (L) % Correct
If you can look into the seeds of time and say which grain will grow and which will not, speak then to me.???
75.4%
Peace has cost you your strength! Victory has defeated you!???
73.9%
Though it's imperceptible in the darkness, I have an intuition that we're headed towards a shore.???
72.1%
We've finally placed a harpoon in the monster's back.???
71.5%
The oppressors of generations who have kept you down with myths of opportunity, and we give it back to you... the people.???
70%
Behind you stands a symbol of oppression.???
69.7%
Blood's been spilled to afford us this moment now!???
67.1%
It doesn't matter who we are, what matters is our plan.???
66.1%
We are stepped out upon the world stage now???
64.9%
Do you think we choose the times into which we are born????
64.5%
Quote Bane (B) or Lincoln (L) % Correct
Theatricality and deception are powerful agents to the uninitiated.???
64.4%
Shall we stop this bleeding????
63.2%
Speak of the devil and he shall appear.???
60.3%
Now's not the time for fear.???
60%
You had nightmares all night.???
58.1%
There can be no true despair without hope.???
58%
'Today is the day the world shall end, as scripture has foretold.'???
55.8%
Each of us has made it possible for the other to do terrible things.???
54.6%
Step forward those who would serve.???
54.1%
Let us not stand on ceremony.???
53.4%

You're not logged in!

Compare scores with friends on all Sporcle quizzes.
Join for Free
OR
Log In

You Might Also Like...

Show Comments

Extras

Top Quizzes Today


Score Distribution

Your Account Isn't Verified!

In order to create a playlist on Sporcle, you need to verify the email address you used during registration. Go to your Sporcle Settings to finish the process.

Report this User

Report this user for behavior that violates our Community Guidelines.

Details: